Laufey A matter of time tour setlist - Statistics

General Stats
  • This quiz has been taken 17 times
  • The average score is 18 of 26
Answer Stats
Hint Answer % Correct
Act IV From The Start
100%
Act I Bored
89%
Act I Clockwork
89%
Act IV Goddess
89%
Act I Lover Girl
89%
Act IV Promise
89%
Act V Sabotage
89%
Act IV Castle In Hollywood
78%
Act III Forget-Me-Not
78%
Act IV Snow White
78%
Act I Too Little, Too Late
78%
Act II (Jazz Set) Valentine - Jazz Version
78%
Transition Bewitched - String Quartet edition
67%
Act III Carousel
67%
Act I Dreamer
67%
Act II (Jazz Set) Fragile - Jazz Version
67%
Act IV Mr. Eclectic
67%
Act I Silver Lining
67%
Act IV Tough Luck
67%
Act I Falling Behind
56%
Act II (Jazz Set) Let You Break My Heart Again
56%
Act II (Jazz Set) Seems Like Old Times
56%
Act III Cuckoo Ballet - Interlude
44%
The Final Act Letter To My 13 Year Old Self
44%
Act II (Jazz Set) While You Were Sleeping - Jazz Version
44%
The Final Act Surprise song!
22%
No matching quizzes found
Score Distribution
Percent of People with Each Score
Percentile by Number Answered
Your Score History
You have not taken this quiz